| 000 | 01519nam a2200385 a 4500 | ||
|---|---|---|---|
| 001 | ebr10594456 | ||
| 003 | CaPaEBR | ||
| 006 | m u | ||
| 007 | cr cn||||||||| | ||
| 008 | 990511s1999 enka sb 001 0 eng d | ||
| 010 | _z 99071219 | ||
| 020 | _z0761960465 (pbk.) | ||
| 020 | _z9780761960461 | ||
| 020 | _z9781446205303 (e-book) | ||
| 040 |
_aCaPaEBR _cCaPaEBR |
||
| 035 | _a(OCoLC)809969473 | ||
| 050 | 1 | 4 |
_aHD31 _b.M29423 1999eb |
| 082 | 0 | 4 |
_a658 _221 |
| 245 | 0 | 0 |
_aManaging organizations _h[electronic resource] : _bcurrent issues / _cedited by Stewart R. Clegg, Cynthia Hardy, and walter R. Nord. |
| 250 | _a1st ed. | ||
| 260 |
_aLondon ; _aThousand Oaks : _bSage Publications, _c1999. |
||
| 300 |
_axvi, 268 p. : _bill. |
||
| 500 | _a"The second of a two-volume paperback edition of the landmark Handbook of organization studies"--Cover p. [4]. | ||
| 504 | _aIncludes bibliographical references and index. | ||
| 533 |
_aElectronic reproduction. _bPalo Alto, Calif. : _cebrary, _d2011. _nAvailable via World Wide Web. _nAccess may be limited to ebrary affiliated libraries. |
||
| 650 | 0 | _aManagement. | |
| 650 | 0 | _aOrganization. | |
| 655 | 7 |
_aElectronic books. _2local |
|
| 700 | 1 | _aClegg, Stewart. | |
| 700 | 1 |
_aHardy, Cynthia, _d1956- |
|
| 700 | 1 | _aNord, Walter R. | |
| 710 | 2 | _aebrary, Inc. | |
| 730 | 0 | _aHandbook of organization studies. | |
| 856 | 4 | 0 |
_uhttp://site.ebrary.com/lib/rucke/Doc?id=10594456 _zAn electronic book accessible through the World Wide Web; click to view |
| 999 |
_c112673 _d112673 |
||